| 000 | 00762cam a2200253 4500 | ||
|---|---|---|---|
| 001 | ABS66503 | ||
| 008 | 030402n2003 000 0 eng u | ||
| 035 | _a(Sirsi) u121875 | ||
| 245 | _aFocus 2003: West Midlands | ||
| 260 | _c2003 | ||
| 490 |
_aEstates Gazette _v(0309) 1 March 2003, 113-163(19) |
||
| 590 | _aABS | ||
| 650 | _aWEST MIDLANDS | ||
| 650 | _aPROPERTY-COMMERCIAL PROPERTY-OFFICE PROPERTY-OFFICE PROPERTY MARKET | ||
| 650 | _aINDUSTRIAL MARKET | ||
| 650 | _aPROPERTY-COMMERCIAL PROPERTY-RETAIL PROPERTY-RETAIL PROPERTY MARKET | ||
| 650 | _aBIRMINGHAM | ||
| 650 | _aCOVENTRY | ||
| 650 | _aSOLIHULL | ||
| 650 | _aDUDLEY | ||
| 650 | _aWOLVERHAMPTON | ||
| 690 | _aPROPERTY-COMMERCIAL PROPERTY-COMMERCIAL PROPERTY MARKET | ||
| 942 | _n0 | ||
| 999 |
_c72430 _d72430 |
||